Miracle at the Higher Grounds Café /

"After a public split from her NFL superstar husband, Chelsea takes a bold step out of the limelight and behind the counter of the Higher Grounds Café, an old-fashioned coffee shop in dire need of reinvention. But when her courage, expert planning, and out-of-this-world cupcakes fail to pay the...

Full description

Bibliographic Details
Main Authors: Lucado, Max (Author), Newman, Eric (Author), Lee, Candace (Author)
Format: Book
Language:English
Published: Nashville : Thomas Nelson, [2015]
Subjects:

MARC

Tag First Indicator Second Indicator Subfields
LEADER 00000cam a2200000 i 4500
001 in00003497656
005 20151206130258.0
008 141121t20152015tnu 000 1 eng
010 |a  2014032901 
020 |a 9780718000882  |q (hbk.) 
020 |a 0718000889  |q (hbk.) 
035 |a (OCoLC)ocn883134463 
040 |a DLC  |b eng  |e rda  |c DLC  |d IG#  |d BTCTA  |d BDX  |d YDXCP  |d ZHB  |d OCLCO  |d JP3  |d CDX  |d UtOrBLW 
049 |a TXAM 
050 0 0 |a PS3562.U225  |b M57 2015 
082 0 0 |a 813/.54  |2 23 
100 1 |a Lucado, Max,  |e author. 
245 1 0 |a Miracle at the Higher Grounds Café /  |c Max Lucado with Eric Newman and Candace Lee. 
264 1 |a Nashville :  |b Thomas Nelson,  |c [2015] 
264 4 |c ©2015 
300 |a 186 pages ;  |c 22 cm 
336 |a text  |b txt  |2 rdacontent 
337 |a unmediated  |b n  |2 rdamedia 
338 |a volume  |b nc  |2 rdacarrier 
500 |a "A heavenly novel"--Jacket. 
520 |a "After a public split from her NFL superstar husband, Chelsea takes a bold step out of the limelight and behind the counter of the Higher Grounds Café, an old-fashioned coffee shop in dire need of reinvention. But when her courage, expert planning, and out-of-this-world cupcakes fail to pay the bills, this newly single mom finds herself desperate for help. Better yet, a miracle"--Dust jacket flap. 
500 |a Includes discussion questions, pages 185-186. 
650 0 |a Single mothers  |v Fiction. 
650 0 |a Coffee shops  |v Fiction. 
650 0 |a Women-owned business enterprises  |v Fiction. 
650 0 |a God  |v Fiction. 
655 0 |a Christian fiction. 
655 7 |a Christian fiction.  |2 gsafd 
700 1 |a Newman, Eric,  |e author. 
700 1 |a Lee, Candace,  |e author. 
948 |a cataloged  |b h  |c 2015/3/11  |d c  |e ceaton  |f 12:58:44 pm 
994 |a C0  |b TXA 
999 |a MARS 
999 f f |s 26824361-3a66-3edf-a4a4-13f20bbe3f2d  |i 9d9d68ba-626e-352a-b254-7596fbba6a75  |t 0 
952 f f |p normal  |a Texas A&M University  |b College Station  |c Sterling C. Evans Library  |d Evans: Library Stacks  |t 0  |e PS3562.U225 M57 2015  |h Library of Congress classification  |i unmediated -- volume  |m A14843042442 
998 f f |a PS3562.U225 M57 2015  |t 0  |l Evans: Library Stacks